000 00619nam a2200193 i 4500
001 47363
003 ES-MaACL
005 20250802013155.0
007 t|
008 030407s1964 sp |||| |bspa d
100 1 _aCorbera Fradera, Carolina,
_d1926-1979
_940459
245 1 3 _aLa canción de la gloria
_b: vida de José María Gabriel y Galán /
_cpor Carolina Corbera Fradera.
260 _aMadrid :
_bLincor,
_c1964.
300 _a200 p. ;
_c20 cm.
600 1 4 _aGabriel y Galán, José María,
_d1870-1905
_953158
852 _aES-MaACL
_jC-31900
852 _aES-MaACL
_jC-32104
999 _c47363
_d47363